[Event "ISR-ch (Women)"]
[Site "Tiberias"]
[Date "2016.12.06"]
[Round "2"]
[White "Altshul, Limor"]
[Black "Vardi, Shlomit"]
[Result "1-0"]
[WhiteElo "2022"]
[BlackElo "1926"]
[PlyCount "77"]
[EventDate "2016.12.05"]
[EventType "swiss"]
[EventRounds "9"]
[EventCountry "ISR"]
[SourceTitle "CBM 176 Extra"]
[Source "ChessBase"]
[SourceDate "2017.03.02"]
[SourceVersion "1"]
[SourceVersionDate "2017.03.02"]
[SourceQuality "1"]

1. d4 Nf6 2. c4 g6 3. Nc3 Bg7 4. e4 d6 5. Bd3 0-0 6. Nge2 e5 7. 0-0 Nh5 8. d5 Nd7 9. Bc2 a5 10. Kh1 Nb6 11. b3 f5 12. exf5 gxf5 13. Bb2 Nd7 14. Ng3 Nxg3+ 15. fxg3 e4 16. g4 Qh4 17. g3 Qh3 18. gxf5 Nf6 19. Qe2 Bxf5 20. Qg2 Rae8 21. Rae1 Qxg2+ 22. Kxg2 Nd7 23. Nd1 Bh6 24. Nf2 Nc5 25. g4 Bg6 26. h4 Nd3 27. Bxd3 exd3 28. h5 Re2 29. Rxe2 dxe2 30. Re1 Be3 31. Rxe2 Rxf2+ 32. Rxf2 Be4+ 33. Rf3 Bg5 34. Kf2 Bxf3 35. Kxf3 Kf7 36. Ke4 b6 37. Kf5 h6 38. Bd4 Bd2 39. Bf6 1-0

[Event "EU-ch U18 Girls 25th"]
[Site "Porec"]
[Date "2015.09.22"]
[Round "2"]
[White "Altshul, Limor"]
[Black "Sajjadi, Kimiya"]
[Result "0-1"]
[WhiteElo "2013"]
[BlackElo "1840"]
[PlyCount "24"]
[EventDate "2015.09.21"]
[EventType "swiss"]
[EventRounds "9"]
[EventCountry "CRO"]
[SourceTitle "EXT 2016"]
[Source "ChessBase"]
[SourceDate "2015.10.08"]
[SourceVersion "1"]
[SourceVersionDate "2015.10.08"]
[SourceQuality "1"]

1. d4 d5 2. c4 dxc4 3. e3 Be6 4. Na3 Nf6 5. Nxc4 c5 6. Ne5 a6 7. Ngf3 cxd4 8. exd4 g6 9. Bd3 Bg7 10. h4 Nbd7 11. Ng5 Nxe5 12. Nxe6 Nxd3+ 0-1

[Event "EU-ch 16th"]
[Site "Jerusalem"]
[Date "2015.03.05"]
[Round "9"]
[White "Travinski, Mark"]
[Black "Altshul, Limor"]
[Result "1/2-1/2"]
[WhiteElo "1958"]
[BlackElo "1887"]
[PlyCount "100"]
[EventDate "2015.02.24"]
[EventType "swiss"]
[EventRounds "11"]
[EventCountry "ISR"]
[SourceTitle "CBM 166"]
[Source "ChessBase"]
[SourceDate "2015.05.11"]
[SourceVersion "1"]
[SourceVersionDate "2015.05.11"]
[SourceQuality "1"]

1. c4 Nf6 2. Nc3 e6 3. Nf3 d5 4. d3 dxc4 5. Qa4+ Nc6 6. Qxc4 e5 7. Bg5 Be6 8. Qa4 Bd7 9. Qd1 Be7 10. g3 0-0 11. Bg2 Be6 12. 0-0 h6 13. Bd2 Qd7 14. Re1 Ng4 15. h3 Nf6 16. Kh2 Bc5 17. Rf1 Rad8 18. a3 Nd5 19. b4 Bd6 20. Ne4 f5 21. Nxd6 Qxd6 22. Qc2 a6 23. Rfc1 f4 24. Qc5 fxg3+ 25. fxg3 Nf6 26. Qxd6 cxd6 27. Be3 e4 28. Nd4 Bd5 29. dxe4 Nxd4 30. Bxd4 Nxe4 31. Bb6 Rde8 32. Rd1 Bc6 33. Rd4 d5 34. Rd3 Re6 35. Ra2 Bb5 36. Bd4 Bc4 37. Rb2 b5 38. Re3 Rfe8 39. Bf3 Nf6 40. Rxe6 Rxe6 41. e3 Kf7 42. Kg2 h5 43. Rf2 Ke7 44. Bd1 Ne4 45. Rf4 g6 46. g4 hxg4 47. Bxg4 Rc6 48. h4 Bd3 49. h5 Rc2+ 50. Kg1 Rc1+ 1/2-1/2

[Event "EU-ch 16th"]
[Site "Jerusalem"]
[Date "2015.03.02"]
[Round "6"]
[White "Altshul, Limor"]
[Black "Tifferet, Shaked"]
[Result "1-0"]
[WhiteElo "1887"]
[BlackElo "2001"]
[PlyCount "97"]
[EventDate "2015.02.24"]
[EventType "swiss"]
[EventRounds "11"]
[EventCountry "ISR"]
[SourceTitle "CBM 166"]
[Source "ChessBase"]
[SourceDate "2015.05.11"]
[SourceVersion "1"]
[SourceVersionDate "2015.05.11"]
[SourceQuality "1"]

1. d4 Nf6 2. c4 g6 3. Nc3 d5 4. Nf3 Bg7 5. cxd5 Nxd5 6. Na4 Nb6 7. e4 0-0 8. Be3 Nxa4 9. Qxa4 b6 10. Be2 Bb7 11. Qc2 Nd7 12. 0-0 Rc8 13. Rfd1 h6 14. d5 c5 15. Qd2 Kh7 16. Rac1 Nf6 17. Qc2 Qc7 18. h4 Qd7 19. Ne5 Qd6 20. f4 Nd7 21. Nxd7 Qxd7 22. h5 Rg8 23. hxg6+ fxg6 24. Bf3 e5 25. Qe2 exf4 26. Bg4 Qd6 27. Bxc8 Bxc8 28. Bf2 h5 29. Qd2 Bh6 30. b4 f3 31. bxc5 Qe5 32. Qc3 Qg5 33. Qxf3 Bg4 34. Qg3 Rf8 35. Rf1 Be2 36. Qxg5 Bxg5 37. cxb6 Bxf1 38. Rxf1 axb6 39. Bxb6 Rb8 40. Bd4 Rb4 41. Rf7+ Kg8 42. Rg7+ Kf8 43. Bc5+ Kxg7 44. Bxb4 Be3+ 45. Kf1 Kf6 46. Bc3+ Ke7 47. Ke2 Bc5 48. e5 g5 49. Kf3 1-0

[Event "EU-ch U16 Girls 23rd"]
[Site "Budva"]
[Date "2013.10.07"]
[Round "8"]
[White "Altshul, Limor"]
[Black "Kyrkjebo, Marte Bakken"]
[Result "1-0"]
[WhiteElo "1832"]
[BlackElo "1695"]
[PlyCount "121"]
[EventDate "2013.09.29"]
[EventType "swiss"]
[EventRounds "9"]
[EventCountry "MNE"]
[SourceTitle "EXT 2014"]
[Source "ChessBase"]
[SourceDate "2013.11.20"]
[SourceVersion "1"]
[SourceVersionDate "2013.11.20"]
[SourceQuality "1"]

1. c4 e5 2. Nc3 Nc6 3. g3 g6 4. Bg2 Bg7 5. Nf3 d6 6. 0-0 f5 7. d3 Nf6 8. Rb1 a5 9. a3 0-0 10. Bg5 h6 11. Bxf6 Qxf6 12. Nd5 Qd8 13. b4 axb4 14. axb4 Be6 15. Nd2 Qd7 16. b5 Nd8 17. b6 c6 18. Nc7 Rb8 19. Qa4 Bf7 20. Rfc1 Ne6 21. Qa5 Rfc8 22. Nxe6 Bxe6 23. c5 d5 24. Ra1 f4 25. e4 Rf8 26. Qb4 d4 27. Ra7 Bh3 28. Bxh3 Qxh3 29. Qb3+ Kh7 30. Qd1 fxg3 31. hxg3 Rf7 32. Qf1 Qg4 33. Nc4 Qg5 34. Rc2 Bf8 35. Na5 Qf6 36. Qg2 Kg7 37. Kf1 Kh7 38. Ke1 Qe6 39. Kf1 Kg7 40. Ke1 Qf6 41. Kd1 Qg5 42. Nb3 Qg4+ 43. Kc1 Qe6 44. Kb2 Qf6 45. Na5 Kh7 46. Kb3 Qe6+ 47. Kb4 Qf6 48. f4 exf4 49. e5 Qe6 50. gxf4 Kg8 51. Qe4 Rd7 52. Rg2 Kh7 53. Nb3 Rbd8 54. Ra1 h5 55. Rag1 Rg7 56. Nxd4 Qe7 57. Nb3 Qe6 58. Rg5 Kh6 59. f5 gxf5 60. Rxh5+ Kxh5 61. Qh1# 1-0

[Event "EU-ch U16 Girls 23rd"]
[Site "Budva"]
[Date "2013.10.05"]
[Round "6"]
[White "Altshul, Limor"]
[Black "Kakulidis, Ellen"]
[Result "1-0"]
[WhiteElo "1832"]
[BlackElo "1600"]
[PlyCount "119"]
[EventDate "2013.09.29"]
[EventType "swiss"]
[EventRounds "9"]
[EventCountry "MNE"]
[SourceTitle "EXT 2014"]
[Source "ChessBase"]
[SourceDate "2013.11.20"]
[SourceVersion "1"]
[SourceVersionDate "2013.11.20"]
[SourceQuality "1"]

1. c4 e5 2. Nc3 Nf6 3. Nf3 Nc6 4. e3 Bb4 5. Qc2 0-0 6. Nd5 Re8 7. Qf5 Be7 8. Nxe5 Nxe5 9. Qxe5 Nxd5 10. Qxd5 c6 11. Qf3 Bf6 12. Be2 d6 13. d4 Rb8 14. 0-0 Qe7 15. Rd1 Bd7 16. Rb1 c5 17. d5 a6 18. b3 b5 19. Bb2 Bxb2 20. Rxb2 Qe5 21. Rbd2 Bf5 22. Qg3 Qf6 23. Bg4 Bxg4 24. Qxg4 bxc4 25. Qxc4 a5 26. a3 Qg6 27. Qc3 Rb5 28. Rb2 Reb8 29. f3 f6 30. Rdb1 Qf5 31. e4 Qe5 32. Qc4 Kf8 33. g3 g5 34. Kf2 Kf7 35. Ke3 h6 36. Kd3 R5b6 37. Qc3 Qxc3+ 38. Kxc3 Rc8 39. Kd3 Kg6 40. b4 cxb4 41. axb4 Rcb8 42. Kc3 Rc8+ 43. Kd4 Rcb8 44. b5 R8b7 45. f4 Re7 46. Ra1 Ra7 47. Ra4 Kf7 48. e5 Ke7 49. e6 g4 50. Ke4 Ra8 51. Kf5 h5 52. Kg6 Rg8+ 53. Kf5 Ra8 54. Rc4 a4 55. Rc7+ Ke8 56. Kxf6 a3 57. Rh7 Kd8 58. Ra2 Rbb8 59. b6 Kc8 60. b7+ 1-0